World History OHIO. : OHIO Graduation for Social Studies /

Bewaard in:
Bibliografische gegevens
Hoofdauteur: Esler, Ellis
Formaat: Boek
Taal:English
Gepubliceerd in: Person, 2007.
Onderwerpen:
Tags: Voeg label toe
Geen labels, Wees de eerste die dit record labelt!
Thư viện lưu trữ: Mạng thư viện Đại học Đà Nẵng
LEADER 00925nam a22002891a 4500
001 000034920
003 11140
005 20240930101049.0
008 151027s2007 000 eng
020 |a 0132514494 
041 |a eng 
082 |a 909  |b ES-E 
100 |a Esler, Ellis 
245 0 |a World History OHIO. :  |b OHIO Graduation for Social Studies /  |c Ellis Esler. 
260 |a Person,  |c 2007. 
300 |a 36p. ;  |c 28,5cm. 
650 |a World History 
653 |a History Modern 
OWN |a LNN 
AVA |a UDN50  |b LNN  |c English  |d 909ES-E  |e available  |t Error 5001 Not defined in file expand_doc_bib_avail.  |f 1  |g 0  |h N  |i 0  |j AN  |k 1 
999 |a From the UDN01 
AVA |a UDN50  |b LNN  |c English  |d 909ES-E  |e available  |t Error 5001 Not defined in file expand_doc_bib_avail.  |f 1  |g 0  |h N  |i 0  |j AN  |k 1 
TYP |a Monograph 
980 |a Mạng thư viện Đại học Đà Nẵng